Dynamika, nuansy v speváckom zbore

Bibliographic Details
Main Author: Poliak, Alfonz, 1951- (Author)
Format: Article
Language:Slovak
ISSN:1335-1605
Subjects:

MARC

LEADER 00000nab a2200000 a 4500
001 vtls010345158
003 SK-MaSNL
005 20260304161733.0
008 250507c2011 xo q||p||| |000 b|slo
015 |a SNBRB2012/03 
035 |a (uuid)7ebad56b-a76b-4ddb-8580-b5662023c380 
035 |a urn:nbn:sk:snk-ab17qa 
035 |a (urnnbn)urn:nbn:sk:snk:ar-a053b7 
038 |a SPK 
040 |a SNKBUCL  |b slo  |c SNKBUCL  |e AACR2 
041 0 |a slo 
044 |a xo  |c SK 
072 7 |a 781  |x Hudobná teória  |2 konspekt 
080 |a 78.087.68  |2 2001 
080 |a 781.68  |2 2001 
100 1 |a Poliak, Alfonz,  |d 1951-  |4 aut  |9 201497 
245 1 0 |a Dynamika, nuansy v speváckom zbore  |c Alfonz Poliak 
650 0 7 |a zborový spev  |2 snkbucl  |9 3196 
650 0 7 |a spevácke zbory  |2 snkbucl  |9 3197 
650 0 7 |a hudobná interpretácia  |2 snkbucl  |9 3211 
650 0 7 |a výrazové prostriedky  |2 snkbucl  |9 737798 
773 0 |t Múzy v škole  |g Roč. 16, č. 3-4 (2011), s. 25  |x 1335-1605 
850 |a Slovenská národná knižnica 
852 |a Slovenská národná knižnica 
954 |a odborná, vedecká literatúra pôvodná (slovenská)  |2 lita 
958 |a article27 
958 |a OND 
958 |a EUIPO 
999 |c 2972039  |d 2973969